banner koha

Organização social: apoio ao capital humano (Registro n. 299659)

MARC details
000 -LÍDER
Campo de controle fixo 01086nam a22003497a 4500
001 - NÚMERO DE CONTROLE
Número de controle BR2024001185
003 - CÓDIGO MARC DA AGÊNCIA CATALOGADORA
Campo de controle BR-BrBNA
005 - DATA E HORA DA ÚLTIMA ATUALIZAÇÃO
Campo de controle 20240522121725.0
008 - CAMPO DE TAMANHO FIXO
Campo fixo de controle 240518b bl.||||| |||| 00| 0 por dpor
040 ## - FONTE DA CATALOGAÇÃO
Agência catalogadora BR-BrBNA
Idioma da catalogação por
041 ## - CÓDIGO DO IDIOMA
Código do Idioma por
072 ## - CATEGORIA AGRIS
Código da categoria de assunto/objeto <a href="E40 ; E50 ; D50">E40 ; E50 ; D50</a>
090 ## - NÚMERO DE CHAMADA
Localização na estante E40 BR2024001185
100 0# - ENTRADA PRINCIPAL - NOME PESSOAL
Nome pessoal Silva, Luciano Mendes
100 0# - ENTRADA PRINCIPAL - NOME PESSOAL
Nome pessoal Mendes, Eleutéria Guerra Pacheco
100 0# - ENTRADA PRINCIPAL - NOME PESSOAL
Nome pessoal Barbosa, Maria do Carmo dos Santos
100 0# - ENTRADA PRINCIPAL - NOME PESSOAL
Nome pessoal Nunes, Sheila Maria
110 ## - ENTRADA PRINCIPAL - ENTIDADE
Nome da entidade ou lugar Empresa de Assistência Técnica e Extensão Rural do Distrito Federal, Brasília, DF (Brasil)
9 (RLIN) 4008
245 ## - TÍTULO PRINCIPAL
Título principal Organização social: apoio ao capital humano
Subtítulo Coleção EMATER-DF 15
260 ## - IMPRENTA (PUBLICAÇÃO, DISTRIBUIÇÃO, ETC.)
Lugar de publicação, distribuição, etc. Brasília, DF (Brasil)
Data de publicação, distribuição, etc 2008
300 ## - DESCRIÇÃO FÍSICA
Extensão 28 p.
Detalhes físicos adicionais il.
500 ## - NOTA GERAL
Notas gerais 9 ref.; 3 illus.; 5 tables
650 ## - ASSUNTO - THESAGRO
Cabeçalho tópico ou nome geográfico COMUNIDADE RURAL
650 ## - ASSUNTO - THESAGRO
Cabeçalho tópico ou nome geográfico ASSOCIATIVISMO
650 ## - ASSUNTO - THESAGRO
Cabeçalho tópico ou nome geográfico ASSOCIAÇÃO RURAL
650 ## - ASSUNTO - THESAGRO
Cabeçalho tópico ou nome geográfico COOPERATIVA DE PRODUTORES
650 ## - ASSUNTO - THESAGRO
Cabeçalho tópico ou nome geográfico GESTÃO
650 ## - ASSUNTO - THESAGRO
Cabeçalho tópico ou nome geográfico PLANEJAMENTO PARTICIPATIVO
650 ## - ASSUNTO - THESAGRO
Cabeçalho tópico ou nome geográfico LEGISLAÇÃO
909 ## - IDENTIFICAÇÃO DO CATALOGADOR
Ano e mês da catalogação (aaaamm) 202405
Identificação do catalogador Fernando
942 ## - TIPO ESPECÍFICO
Tipo de material Livros
952 ## - LOCATION AND ITEM INFORMATION (KOHA)
-- 2024-05-18
Exemplares
Status de empréstimo Fonte de classificação Status de danificação Não pode ser emprestado Código da coleção Localização permanente Localização atual Localização na estante Total Checkouts Número de chamada Código de barras Tipo de material
  Classificação AGRIS     Agrobase Biblioteca Nacional de Agricultura - Binagri Biblioteca Nacional de Agricultura - Binagri Agrobase - Acervo Geral   E40 BR2024001185 2024-1614 Livros

BINAGRI

Telefone: (61)3218-2567/2388/3357/2097 - binagri@agro.gov.br

Ministério da Agricultura e Pecuária , Esplanada dos Ministérios, Bloco D, Anexo B, Brasília/DF, CEP: 70.043-900